000 00750cab a2200193 4500
001 L136620
008 070212n2007 000 0 eng u
035 _a(Sirsi) u136620
041 0 _aeng
100 1 _aHarrison, Fred
245 0 0 _a2008/2009 could see dramatic turning point in housing market
260 _c2007
490 0 0 _aProperty Forecast
_v10(1) January 2007 10-11(2)
520 _aProvides analysis which predicts that house prices will peak at the end of 2007 or the start of 2008. Looks at economic lessons from history and gives a different view to that of the Valuation Office. Includes graphs.
590 _aKA
651 4 _aUnited Kingdom
_y
690 _aPROPERTY-RESIDENTIAL PROPERTY-RESIDENTIAL PROPERTY MARKET
942 _n0
999 _c78375
_d78375